Health villages: (Record no. 4789)

MARC details
000 -LEADER
fixed length control field 00533nam a2200181 4500
003 - CONTROL NUMBER IDENTIFIER
control field OSt
005 - DATE AND TIME OF LATEST TRANSACTION
control field 20160719172000.0
008 - FIXED-LENGTH DATA ELEMENTS--GENERAL INFORMATION
fixed length control field 160719b xxu||||| |||| 00| 0 eng d
020 ## - INTERNATIONAL STANDARD BOOK NUMBER
International Standard Book Number 9241545534
040 ## - CATALOGING SOURCE
Transcribing agency 040a
082 ## - DEWEY DECIMAL CLASSIFICATION NUMBER
Classification number WA 390
Item number H833h 2002
100 ## - MAIN ENTRY--PERSONAL NAME
Personal name Howard, Guy
9 (RLIN) 10303
245 ## - TITLE STATEMENT
Title Health villages:
Remainder of title a guide for communities and community health workers /
Statement of responsibility, etc. Guy Howard
260 ## - PUBLICATION, DISTRIBUTION, ETC. (IMPRINT)
Place of publication, distribution, etc. Geneva
Name of publisher, distributor, etc. World Health Organisation
Date of publication, distribution, etc. 2002
300 ## - PHYSICAL DESCRIPTION
Extent ix, 108p;
Other physical details ill :
Dimensions 15 cm.
650 ## - SUBJECT ADDED ENTRY--TOPICAL TERM
Topical term or geographic name as entry element Village health
9 (RLIN) 10304
942 ## - ADDED ENTRY ELEMENTS (KOHA)
Source of classification or shelving scheme Other/Generic Classification Scheme
Koha item type Open Shelf
Holdings
Withdrawn status Lost status Source of classification or shelving scheme Damaged status Not for loan Home library Current library Date acquired Source of acquisition Inventory number Total Checkouts Full call number Barcode Date last seen Price effective from Koha item type
    Other/Generic Classification Scheme     MUST Main Library MUST Main Library 19/07/2016   2003/17955   WA 390 H833h 2002 2016-3288 19/07/2016 19/07/2016 Open Shelf
    Other/Generic Classification Scheme     MUST Main Library MUST Main Library 19/07/2016   2003/17956   WA 390 H833h 2002 2016-3289 19/07/2016 19/07/2016 Open Shelf